Literature: (Record no. 1469)

MARC details
000 -LEADER
fixed length control field 00545nam a22001817a 4500
005 - DATE AND TIME OF LATEST TRANSACTION
control field 20230728020122.0
008 - FIXED-LENGTH DATA ELEMENTS--GENERAL INFORMATION
fixed length control field 230301b |||||||| |||| 00| 0 eng d
020 ## - INTERNATIONAL STANDARD BOOK NUMBER
International Standard Book Number 978-1-5095-3232-2
082 ## - DEWEY DECIMAL CLASSIFICATION NUMBER
Classification number 801.3 Ea11 2019
100 ## - MAIN ENTRY--PERSONAL NAME
Personal name Eaglestone, Robert
Relator term author
245 ## - TITLE STATEMENT
Title Literature:
Remainder of title why it matters /
Statement of responsibility, etc. Robert Eaglestone
260 ## - PUBLICATION, DISTRIBUTION, ETC.
Place of publication, distribution, etc. Cambridge, UK:
Name of publisher, distributor, etc. Polity Press,
Date of publication, distribution, etc. c2019.
300 ## - PHYSICAL DESCRIPTION
Extent vi, 123p.
490 ## - SERIES STATEMENT
Series statement Polity's Why it matters series
504 ## - BIBLIOGRAPHY, ETC. NOTE
Bibliography, etc. note Includes index
541 ## - IMMEDIATE SOURCE OF ACQUISITION NOTE
Accession number 6505
650 ## - SUBJECT ADDED ENTRY--TOPICAL TERM
Topical term or geographic name entry element Literature - History and criticism
Holdings
Withdrawn status Lost status Source of classification or shelving scheme Damaged status Not for loan Home library Current library Date acquired Total Checkouts Full call number Barcode Date last seen Copy number Price effective from Koha item type
    Dewey Decimal Classification     ctu-moalboal ctu-moalboal 11/25/2020   801.3 Ea11 2019 6505 03/01/2023 1 03/01/2023 Books-Reference